| 000 | 00706nam a22001577a 4500 | ||
|---|---|---|---|
| 003 | OSt | ||
| 005 | 20151024151707.0 | ||
| 008 | 151024b xxu||||| |||| 00| 0 eng d | ||
| 040 | _cRUA | ||
| 082 | _aAVM SEN 2013 B106 Or.1 | ||
| 100 |
_92811 _aSENG, SOPHANA. |
||
| 245 | _asurvey on common disease of suckling piglet in pig farm at peareang district, preyveang province (ការអង្កេតជំងឺលើកូនជ្រូកកំឡុងពេលបៅដោះ នៅកសិដ្ឋាន រ៉ន ចាន់ណាង ស្រុកពារាំង ខេត្តព្រៃវែង) | ||
| 260 |
_aPhnom Penh _bRUA _c2013 |
||
| 300 |
_aix, 40p. _bill. _c29cm. |
||
| 942 |
_2ddc _cAVM |
||
| 999 |
_c2630 _d2630 |
||